Anuario estadístico, 1994 : (Record no. 135094)

MARC details
000 -CABECERA
campo de control de longitud fija 00746nam a2200205 a 4500
005 - FECHA Y HORA DE LA ÚLTIMA TRANSACCIÓN
campo de control 20210219160315.0
008 - ELEMENTOS DE LONGITUD FIJA--INFORMACIÓN GENERAL
campo de control de longitud fija 081009s1995 mx r 000 0 spa d
020 ## - NÚMERO INTERNACIONAL NORMALIZADO PARA LIBROS
Número Internacional Estándar del Libro 9686297723
035 ## - NÚMERO DE CONTROL DEL SISTEMA
Número de control de sistema UPN01000162981
049 ## - COLECCIÓN
Colección UNE
080 ## - NÚMERO DE CLASIFICACIÓN DECIMAL UNIVERSAL
Número de la Clasificación Decimal Universal OC 31: 378.22 (72) "1994" ANUp.
245 00 - MENCIÓN DE TÍTULO
Título Anuario estadístico, 1994 :
Resto del título posgrado.
260 ## - PUBLICACIÓN, DISTRIBUCIÓN, ETC.
Lugar de publicación, distribución, etc. México :
Nombre del editor, distribuidor, etc. ANUIES,
Fecha de publicación, distribución, etc. 1995.
300 ## - DESCRIPCIÓN FÍSICA
Extensión 486 p. :
Otras características físicas il.
690 ## - PUNTO DE ACCESO ADICIONAL DE MATERIA LOCAL--TÉRMINO DE MATERIA (OCLC, RLIN)
Término de materia o nombre geográfico como elemento inicial Estudios de posgrado - Estadísticas educacionales - México
690 ## - PUNTO DE ACCESO ADICIONAL DE MATERIA LOCAL--TÉRMINO DE MATERIA (OCLC, RLIN)
Término de materia o nombre geográfico como elemento inicial Estadísticas educacionales - Estudios de posgrado - México
690 ## - PUNTO DE ACCESO ADICIONAL DE MATERIA LOCAL--TÉRMINO DE MATERIA (OCLC, RLIN)
Término de materia o nombre geográfico como elemento inicial México - Estudios de posgrado - Estadísticas educacionales
710 2# - ASIENTO SECUNDARIO - NOMBRE CORPORATIVO
Nombre de entidad corporativa o nombre de jurisdicción como elemento de entrada Asociación Nacional de Universidades e Institutos de Enseñanza Superior (ANUIES)
905 ## - TIPO DE MATERIAL
Tipo de material UNESCO

No items available.